American History: A survey (Record no. 1944)

MARC details
000 -LEADER
fixed length control field 00383 a2200169 4500
000 - LEADER
fixed length control field nam a22 7a 4500
001 - CONTROL NUMBER
control field 1944
005 - DATE AND TIME OF LATEST TRANSACTION
control field 20260412171211.0
020 ## - INTERNATIONAL STANDARD BOOK NUMBER
International Standard Book Number 9780393697012
100 ## - MAIN ENTRY--PERSONAL NAME
Personal name Richard Current
110 ## - MAIN ENTRY--CORPORATE NAME
Corporate name or jurisdiction name as entry element Richard Current
245 ## - TITLE STATEMENT
Title American History: A survey
250 ## - EDITION STATEMENT
Edition statement 13th
260 ## - PUBLICATION, DISTRIBUTION, ETC.
Name of publisher, distributor, etc. Hill Edition
Date of publication, distribution, etc. 2009
264 ## - PRODUCTION, PUBLICATION, DISTRIBUTION, MANUFACTURE, AND COPYRIGHT NOTICE
Name of producer, publisher, distributor, manufacturer Hill Edition
Date of production, publication, distribution, manufacture, or copyright notice 2009
942 ## - ADDED ENTRY ELEMENTS (KOHA)
Koha item type Books
Holdings
Withdrawn status Lost status Source of classification or shelving scheme Damaged status Not for loan Home library Current library Date acquired Cost, normal purchase price Total checkouts Barcode Date last seen Cost, replacement price Koha item type Public note
    Dewey Decimal Classification     Centerville Centerville 12/04/2026 20.00   CPL26040016 12/04/2026 20.00 Books 20